Statistiques concernant Investisseurs de "Qui veut être mon associé ?"

Cliquez ici pour prendre le quiz!

Statistiques générales

  • Ce quiz a été pris 16 fois
    (5 depuis la dernière actualisation)
  • Le résultat moyen est 5 sur 14

Statistiques - réponses

Investisseurs% Correct
Tony Parker
100%
Anthony Bourbon
67%
Éric Larchevêque
67%
Marc Simoncini
67%
Delphine André
33%
Isabèle Chevalier
33%
Jean-Pierre Nadir
33%
Kelly Massol
33%
Marc Vanhove
33%
Stéphanie Delestre
33%
Catherine Barba
0%
Frédéric Mazzella
0%
Isabelle Weill
0%
Sophie Mechaly
0%

Distribution des résultats

Percentile par nombre de réponses

% des personnes avec chaque résultat

Votre développement - résultats

Vous n’avez pas pris ce quiz depuis la dernière actualisation